Loading...
| Literature - European | 0 | 10 | 1 | 0 | 95 | 68 | 99.00 | 0 | 3 | 0.00 | 0.00 |
| Literature - American | 0 | 10 | 1 | 2 | 95 | 73 | 105.90 | 1 | 5 | 0.00 | 0.00 |
| Painting & Sculpture | 0 | 6 | 0 | 2 | 60 | 81 | 117.00 | 0 | 0 | 0.00 | 0.00 |
| Literature - British | 0 | 7 | 4 | 1 | 50 | 70 | 105.86 | 1 | 2 | 0.00 | 0.00 |
| Literature - World | 0 | 5 | 2 | 1 | 40 | 58 | 108.60 | 1 | 1 | 0.00 | 0.00 |
| History - American | 0 | 3 | 1 | 0 | 25 | 106 | 109.00 | 0 | 0 | 0.00 | 0.00 |
| Other Academic | 0 | 3 | 2 | 0 | 20 | 100 | 115.33 | 0 | 0 | 0.00 | 0.00 |
| Science - Physics | 0 | 1 | 0 | 0 | 10 | 133 | 133.00 | 0 | 0 | 0.00 | 0.00 |
| History - World | 0 | 1 | 0 | 0 | 10 | 101 | 101.00 | 0 | 0 | 0.00 | 0.00 |
| Philosophy | 0 | 1 | 0 | 1 | 10 | 133 | 133.00 | 0 | 0 | 0.00 | 0.00 |
| Any History | 0 | 1 | 0 | 0 | 10 | 110 | 110.00 | 0 | 0 | 0.00 | 0.00 |
| Fine Arts - Other | 0 | 2 | 3 | 1 | 5 | 86 | 87.50 | 0 | 1 | 0.00 | 0.00 |
| History - European | 0 | 1 | 1 | 0 | 5 | 113 | 113.00 | 0 | 0 | 0.00 | 0.00 |
| Mythology | 0 | 0 | 0 | 0 | 0 | 0.00 | 0 | 0 | 0.00 | 0.00 | |
| Geography | 0 | 0 | 1 | 0 | -5 | 0.00 | 0 | 0 | 0.00 | 0.00 | |
| Religion | 0 | 0 | 1 | 0 | -5 | 0.00 | 0 | 0 | 0.00 | 0.00 |